Atwood and Others v Bovis Homes Ltd (Record no. 65874)
[ view plain ]
| 000 -LEADER | |
|---|---|
| fixed length control field | 01406cam a2200229 4500 |
| 001 - CONTROL NUMBER | |
| control field | ABS63368 |
| 008 - FIXED-LENGTH DATA ELEMENTS--GENERAL INFORMATION | |
| fixed length control field | 000000n2000 000 0 eng u |
| 035 ## - SYSTEM CONTROL NUMBER | |
| System control number | (Sirsi) u110507 |
| 245 ## - TITLE STATEMENT | |
| Title | Atwood and Others v Bovis Homes Ltd |
| 260 ## - PUBLICATION, DISTRIBUTION, ETC. | |
| Date of publication, distribution, etc. | 2000 |
| 490 ## - SERIES STATEMENT | |
| Series statement | Weekly Law Reports |
| Volume/sequential designation | [2000] 3 WLR 1842-1854(13) |
| 520 ## - SUMMARY, ETC. | |
| Summary, etc. | CD 4 April 2000. The plaintiffs (A) brought an action seeking against B claiming that the prescriptive right of B to drain surface water from B's land, which had previously always been used for agricultural purposes but had been developed for housing by B, through the plaintiff's farm was no longer exercisable since there had been a change of use of dominant tenement. B counterclaimed for a declaration that it was entitled to the easement. The court ruled that an easement of drainage was not the same as a right of way but comparable to an easement of support, where a change of use would not result in a loss of the right unless the was an increase in the burden on the servient tenement. As this was not the case the easement remained exercisable. "Held": the action was dismissed and the counterclaim granted. |
| 590 ## - LOCAL NOTE (RLIN) | |
| Local note | ABS |
| 650 ## - SUBJECT ADDED ENTRY--TOPICAL TERM | |
| Topical term or geographic name entry element | ATWOOD AND OTHERS V BOVIS HOMES LTD |
| 650 ## - SUBJECT ADDED ENTRY--TOPICAL TERM | |
| Topical term or geographic name entry element | CHANGE OF USE |
| 650 ## - SUBJECT ADDED ENTRY--TOPICAL TERM | |
| Topical term or geographic name entry element | DRAINAGE |
| 650 ## - SUBJECT ADDED ENTRY--TOPICAL TERM | |
| Topical term or geographic name entry element | EASEMENT |
| 650 ## - SUBJECT ADDED ENTRY--TOPICAL TERM | |
| Topical term or geographic name entry element | PRESCRIPTIVE RIGHTS |
| 650 ## - SUBJECT ADDED ENTRY--TOPICAL TERM | |
| Topical term or geographic name entry element | RIGHT OF WAY |
| 690 ## - LOCAL SUBJECT ADDED ENTRY--TOPICAL TERM (OCLC, RLIN) | |
| Topical term or geographic name as entry element | Boundary disputes |
| 9 (RLIN) | 6221 |
| 942 ## - ADDED ENTRY ELEMENTS (KOHA) | |
| Suppress in OPAC | 0 |
| Withdrawn status | Lost status | Source of classification or shelving scheme | Damaged status | Not for loan | Home library | Current library | Shelving location | Date acquired | Total Checkouts | Full call number | Barcode | Date last seen | Copy number | Price effective from | Koha item type |
|---|---|---|---|---|---|---|---|---|---|---|---|---|---|---|---|
| Dewey Decimal Classification | London | London | Journal article | 24/01/2001 | ABS63368 | 110507-1001 | 06/08/2019 | 1 | 06/08/2019 | Law report |